Blue roses an anliysis of women characters of Tenessee Williams / (Record no. 22873)

MARC details
000 -LEADER
fixed length control field 00799nam a22002057a 4500
008 - FIXED-LENGTH DATA ELEMENTS--GENERAL INFORMATION
fixed length control field 090202t xxu||||| |||| 00| 0 eng d
010 ## - LCCN (DPL NO)
LC control number ENG-92769
020 ## - INTERNATIONAL STANDARD BOOK NUMBER
Terms of availability 75.00
International Standard Book Number 9788189840518
035 ## - SYSTEM CONTROL NUMBER
System control number EN-76302
037 ## - SOURCE OF ACQUISITION
Source of stock number/acquisition DBAD / PUB
040 ## - CATALOGING SOURCE
Original cataloging agency dpl
Language of cataloging English
082 ## - DEWEY DECIMAL CLASSIFICATION NUMBER
Classification number 882.08
100 ## - MAIN ENTRY--PERSONAL NAME
Personal name Nazira Begum A.
245 ## - TITLE STATEMENT
Title Blue roses an anliysis of women characters of Tenessee Williams /
Statement of responsibility, etc by Nazira Begum A.
260 ## - PUBLICATION, DISTRIBUTION, ETC. (IMPRINT)
Place of publication, distribution, etc Erode
Name of publisher, distributor, etc Pallavi Pathippagam S. India
Date of publication, distribution, etc 2008
270 ## - ADDRESS
Address 194, Kanna Complex, Mettur Road,
City Erode
Postal code 11
300 ## - PHYSICAL DESCRIPTION
Extent 96p. :
Dimensions 19cm (pbk)
942 ## - ADDED ENTRY ELEMENTS (KOHA)
Source of classification or shelving scheme Dewey Decimal Classification
Item type English Books
Call number suffix NAZ
Classification part 882.08
Holdings
Withdrawn status Lost status Source of classification or shelving scheme Damaged status Not for loan Collection code Home library Current library Date acquired Source of acquisition Cost, normal purchase price Total Checkouts Full call number Barcode Date last seen Copy number Cost, replacement price Koha item type
    Dewey Decimal Classification   Not For Loan Non-fiction D.B.Act.Division D.B.Act.Division 02/02/2009 DBAD / PUB 75.00   882.08 NAZ EN-76302 02/02/2009 1 75.00 English Books

© Delhi Public Library
Hit Counter
free hit counter